000 00986am a2200385a 44500
003 AR-BaBNM
005 20251128211124.0
008 142120s1998 #AR|||||||||||000 | esp||
020 _a950-23-0740-2
040 _cAR-BaBNM
245 1 0 _aDeporte y sociedad
250 _a1ª ed.
260 _aBuenos Aires
_bEudeba
_c1998
300 _a286 p.
504 _aContiene referencias bibliográficas a pie de página.
600 1 4 _aMaradona, Diego
650 4 _aEDUCACION FISICA
650 4 _aESCUELAS
650 4 _aPOLITICA
650 4 _aIDEOLOGIAS
650 4 _aDEPORTISTAS
650 4 _aEDUCACION OBRERA
650 4 _aCONSUMIDORES
650 4 _aCULTURA DE MASAS
650 4 _aIDENTIDAD CULTURAL
650 4 _aVIOLENCIA
651 4 _aArgentina
653 _aRUGBY
653 _aFUTBOL
700 1 _aAlabarces, Pablo
_ecompilador
700 1 _aGiano, Roberto di
_ecompilador
700 1 _aFrydenberg, Julio
_ecompilador
942 _cBK
998 _cEugenia
999 _c18328
_d18328